| 000 -ლიდერი |
| ფიქსირებული სიგრძის საკონტროლო ველი |
01229nam a2200229Ia 4500 |
| 001 - საკონტროლო ნომერი |
| საკონტროლო ველი |
4119 |
| 003 - საკონტროლო ნომრის იდენტიფიკატორი |
| საკონტროლო ველი |
GE_BSU |
| 005 - ბოლო ოპერაციის თარიღი და დრო |
| საკონტროლო ველი |
20190917155841.0 |
| 008 - ფიქსირებული სიგრძის მონაცემთა ელემენტები - ზოგადი ინფორმაცია |
| ფიქსირებული სიგრძის საკონტროლო ველი |
181216s1967||||ge |||||||||||||| ||geo|| |
| 040 ## - კატალოგიზაციის წყარო |
| Transcribing agency |
GE_BSU |
| 041 ## - ენის კოდი |
| Language code of text/sound track or separate title |
geo |
| 080 ## - უნივერსალური ათობითი კლასიფიკაციის ინდექსი |
| Universal Decimal Classification number |
398(479.223)+39(479.223) ნ–89 |
| 100 ## - მთავარი ჩანაწერი - პიროვნების სახელი |
| Personal name |
ნოღაიდელი, ჯემალ |
| 9 (RLIN) |
114 |
| 245 ## - ცნობა სათაურის შესახებ |
| Title |
აჭარული ზეპირსიტყვიერებისა და ეთნოგრაფიის მასალები / |
| Statement of responsibility, etc |
ი. ი. მეგრელიძის რედ. და წინასიტყვ. ; საქ. მეცნ. აკად., ბათუმის სამეცნ.-კვლევ. ინ-ტი. |
| 264 ## - წარმოების, გამოცემის, დისტრიბუციის და სხვა ცნობები |
| გამოცემის, წარმოების, დისტრიბუციის... ადგილი |
თბ. : |
| გამოცემის, წარმოების, დისტრიბუციის... სახელწოდება |
მეცნიერება, |
| გამოცემის, წარმოების, დისტრიბუციის... თარიღი |
1967. |
| 300 ## - ფიზიკური აღწერა |
| Extent |
91 გვ. ; |
| Other physical details |
22 სმ. |
| 653 ## - INDEX TERM--UNCONTROLLED |
| Uncontrolled term |
აჭარული ზეპირსიტყვიერება |
| 653 ## - INDEX TERM--UNCONTROLLED |
| Uncontrolled term |
აჭარლების ეთნოგრაფია |
| 700 ## - ADDED ENTRY--PERSONAL NAME |
| Personal name |
მეგრელიძე, ი. |
| Relator term |
რედაქტორი |
| 9 (RLIN) |
1203 |
| 710 ## - ADDED ENTRY--CORPORATE NAME |
| Corporate name or jurisdiction name as entry element |
საქ. მეცნ. აკადემია |
| Subordinate unit |
ბათუმის სამეცნ.-კვლევ. ინ-ტი. |
| 9 (RLIN) |
4066 |
| 942 ## - ADDED ENTRY ELEMENTS (KOHA) |
| Koha item type |
წიგნი |
| Source of classification or shelving scheme |
|